Management of software project diplomová práca

Gespeichert in:
Bibliographische Detailangaben
1. Verfasser: Šírová, Beata
Körperschaft: Fakulta hospodárskej informatiky EU. Katedra aplikovanej informatiky
Weitere Verfasser: Bandurič, Igor, 1980-
Format: Buch
Sprache:Englisch
Veröffentlicht: Bratislava 2015
Tags: Tag hinzufügen
Keine Tags, Fügen Sie das erste Tag hinzu!

MARC

LEADER 00000nbm a2200000 4500
001 0203478
005 20161212112354.9
041 0 |a eng 
044 |a SK 
245 1 0 |a Management of software project  |b diplomová práca  |c Beata Šírová ; školiteľ: Igor Bandurič 
264 1 |a Bratislava  |c 2015 
300 |a 86 s. 
100 1 |a Šírová, Beata 
700 1 |a Bandurič, Igor, 1980- 
710 2 |a Fakulta hospodárskej informatiky EU. Katedra aplikovanej informatiky